Word Ladder: Vulcan Proverb Quiz Stats

 Plays Quiz Updated Aug 1, 2014

Support Sporcle.
Go Orange.
Score 0/26 Timer 04:00
0 Plays Today
Hint Word % Correct
____ and seekHIDE
98.6%
Colony of beesHIVE
98.3%
Vulcan proverb: ____ [rung 26] and prosperLIVE
96.9%
Breathing organLUNG
93.9%
Red plus whitePINK
93.5%
To make beerBREW
93.5%
The workforce of a shipCREW
92.7%
Vulcan proverb: [rung 1] ____ and prosperLONG
92.6%
Worthless itemsJUNK
90.9%
Genre of the Clash and the RamonesPUNK
90.6%
Psychologist Carl, known for the 'collective unconscious'JUNG
89.6%
Helper, especially of a professionalAIDE
88.9%
Baked crusts containing fruit or meat fillingPIES
88%
Hint Word % Correct
BroochesPINS
87.7%
A structure to which boats may be tiedPIER
84.6%
Family groupCLAN
83.7%
Sticks in your ____: an action which annoys youCRAW
82.7%
Actress Jessica of Dark AngelALBA
82.6%
Actor [rung 10] ____, M*A*S*H's Hawkeye PierceALDA
81.9%
Inspector Gadget's villain, Dr. ____CLAW
80.9%
____ Rabbit, folktale figure of the southern U.S.BRER
80.9%
Actor ____ [rung 6], M*A*S*H's Hawkeye PierceALAN
80.2%
The 'A' of the ABC of operaAIDA
78.5%
A stand for a coffinBIER
77%
WoeALAS
69.8%
Priests' robesALBS
68.2%

Today's Daily Dose

You're not logged in!

Compare scores with friends on all Sporcle quizzes.
OR
Log In

From the Vault

Last 25 Years: 'F' Movies

by SporcleEXP

The past quarter century has featured some fine flicks.
Remove Ads.
Support Sporcle.
Get the best of Sporcle when you Go Orange. This ad-free experience offers more features, more stats, and more fun while also helping to support Sporcle. Thank you for becoming a member.

Show Comments

Extras

Top Quizzes Today


Score Distribution

Your Account Isn't Verified!

In order to create a playlist on Sporcle, you need to verify the email address you used during registration. Go to your Sporcle Settings to finish the process.

Report this User

Report this user for behavior that violates our Community Guidelines.

Details: